000 00247nam a2200121Ia 4500
100 _aPippenger
942 _cBK
654 _aFluid
245 _aFluid power Controls
260 _bMcGraw Hill
_aNEWYORK
_c1959
300 _a252
546 _aENGLISH
999 _c17780
_d17780